| 000 | 01260cam a2200349 a 4500 | ||
|---|---|---|---|
| 001 | 13601527 | ||
| 003 | OSt | ||
| 005 | 20230620110712.0 | ||
| 008 | 040521s2004 enk b 001 0 eng | ||
| 010 | _a 2004615623 | ||
| 020 | _a0406970947 | ||
| 040 |
_aDLC _cDLC |
||
| 043 | _ae-uk--- | ||
| 050 | 0 | 0 |
_aKD4354 _b.M38 2004 |
| 082 |
_a328.1 _bMAY |
||
| 100 | 1 |
_aMay, Thomas Erskine, _d1815-1886. |
|
| 240 | 1 | 0 | _aTreatise on the law, privileges, proceedings, and usage of Parliament |
| 245 | 1 | 0 | _aErskine May's treatise on the law, privileges, proceedings, and usage of Parliament. |
| 246 | 1 |
_iHalf title: _aLaw, privileges, proceedings, and usage of Parliament |
|
| 246 | 1 | 4 | _aParliamentary practice |
| 250 |
_a23rd ed. / _beditor, Sir William McKay ; assistant editors, Frank Cranmer ... [et al.]. |
||
| 260 |
_aLondon : _bLexisNexis UK, _c2004. |
||
| 300 |
_alxiv, 1138 p. ; _c26 cm. |
||
| 504 | _aIncludes bibliographical references and index. | ||
| 610 | 1 | 0 |
_aGreat Britain. _bParliament _vRules and practice. |
| 650 | 0 |
_aParliamentary practice _zGreat Britain. |
|
| 700 | 1 | _aMcKay, W. R. | |
| 700 | 1 | _aCranmer, Frank. | |
| 906 |
_a7 _bcbc _corignew _d2 _encip _f20 _gy-gencatlg |
||
| 942 |
_2ddc _cBK |
||
| 999 |
_c1618 _d1618 |
||